000 00302nam a2200121Ia 4500
005 20251222155156.0
008 251222s9999||||xx |||||||||||||| ||spa||
082 _aEDUM.22
100 _aUniversidad Católica Perú.
245 0 _aProyectos Educativos y cultura de paz
264 _bPUCAP
942 _cLIB
999 _c39738
_d39738